True or False General Knowledge - Statistics

General Stats
  • This quiz has been taken 691 times
  • The average score is 10 of 20
Answer Stats
Question Answer % Correct
Human adults have 206 bones True
87%
Usain Bolt has more Olympic medals than any other olympian False
79%
Ireland has the world's highest percentage of it's population with red hair True
79%
In World War II, Japan surrendered after Germany did True
77%
It rarely snows in Antarctica True
70%
A piano has 88 different keys True
69%
The Pyramids of Giza are the largest temples in the world False
67%
India has more people than all of Africa True
56%
Celsius and Centigrade are the same thing True
54%
All of noble gases, hydrogen is the most stable False
46%
Titanic is the highest grossing movie of all time (adjusted for inflation). False
46%
Jimmy Carter lived 31 years past his term limit before dying in 2012, longer than any other U.S president. False
44%
The average shelf life of honey is about 150 years False
43%
The most watched Olympic Games were the Sydney 2000 Summer Olympics False
41%
Solomon is considered the first king of Israel False
38%
Spain has only the second-most Spanish speakers in the world, being beaten by Mexico False
33%
Cynophobia is the fear of dogs True
30%
The sum of all numbers is infinity False
26%
Goat milk is the most commonly consumed milk in the world True
23%
In 2006, Pluto became the first body to be demoted from planet status False
10%
No matching quizzes found
Score Distribution
Percent of People with Each Score
Percentile by Number Answered
Your Score History
You have not taken this quiz